Szczegóły MARC21

Autyzm : przełom w podejściu : program Son-Rise, który pomógł rodzinom na całym świecie /

003 -Nazwa inst., której nr kontr. jest w polu 001 [,]
    • @
    • Nazwa instytucji, której n kontrolny jest w polu 001
    • NUKAT
005 -DATA I CZAS OSTATNIEJ MODYFIKACJI [,]
    • @
    • pole kontrolne
    • 20241231095125.0
020 -Międzynarod. znormalizowany nr książki - ISBN [ , ]
    • a
    • Numer ISBN
    • 9788365442185 Find
040 -Instytucja sporządzająca opis [ , ]
    • a
    • Instytucja, która sporządziła opis (NP)
    • WR U/Pdg
    • c
    • Instytucja, która sporządziła rekord (NP)
    • WR U/ZM
    • d
    • Instytucja, która zmodyfikowała rekord (P)
    • WR U/bks
    • d
    • Instytucja, która zmodyfikowała rekord (P)
    • BYDG 020/AMs
041 -Język dokumentu [1, ]
    • a
    • Język tekstu (P)
    • polski
    • h
    • Język tekstu oryginalnego i/lub pośredniego (P)
    • angielski
942 -Rodzaj dokumentu [ , ]
    • c
    • Rodzaj dokumentu
    • Książka
100 -Hasło główne - nazwa osobowa [1, ]
    • a
    • Nazwa osobowa (NP)
    • Kaufman, Raun Kahlil
    • d
    • Daty biograficzne (NP)
    • (1973- ).
    • 9
    • KHW
    • 95851
245 -Strefa tytułu i oznaczenia odpowiedzialności [1,0]
    • a
    • Tytuł
    • Autyzm : Find
    • b
    • Ciąg dalszy tytułu (NP)
    • przełom w podejściu : program Son-Rise, który pomógł rodzinom na całym świecie / Find
    • c
    • Pozostałe elementy strefy tytułu i oznaczenia odpowiedzialności (NP)
    • Raun K. Kaufman ; [przełożyła Kinga Składanowska].
246 -Wariant tytułu [1, ]
    • i
    • Tekst wyświetlany na ekranie monitora (NP)
    • Tyt. oryg.:
    • a
    • Tytuł (NP)
    • Autism breakthrough :
    • b
    • Ciąg dalszy tytułu (NP)
    • the groundbreaking method that has helped families all over the world
260 -Strefa adresu wydawniczego [ , ]
    • a
    • Miejsce wydania (P)
    • Białystok :
    • b
    • Nazwa wydawcy (P)
    • Vivante,
    • c
    • Data wydania (P)
    • 2016.
300 -Strefa opisu fizycznego [ , ]
    • a
    • Określenie formy książki i/lub objętość (NP)
    • 428 s. ;
    • c
    • Format (NP)
    • 21 cm.
336 -Typ zawartości [ , ]
    • a
    • Termin opisujący typ zawartości
    • Tekst
    • b
    • Kod określający zawartość
    • txt
    • 2
    • Źródło (terminu i kodu)
    • rdacontent
337 -Typ mediów [ , ]
    • a
    • Tryb odtwarzania
    • Bez urządzenia pośredniczącego
    • b
    • Kod typu mediów
    • n
    • 2
    • Źródło (terminu i kodu)
    • rdamedia
338 -Typ/rodzaj nośnika [ , ]
    • a
    • Hasło opisujące typ nośnika
    • Wolumin
    • b
    • Kod typu nośnika
    • nc
    • 2
    • Źródło (terminu i kodu)
    • rdacarrier
504 -Uwaga dot. bibliogr. załącznikowej [ , ]
    • a
    • Uwaga dot. bibliografii załącznikowej
    • Bibliogr. s. 415-425.
521 -Uwaga dot. przeznaczenia czytelniczego [8, ]
    • a
    • Uwaga dot. przeznaczenia czytelniczego
    • Dla rodziców, opiekunów i specjalistów pracujących ze zdiagnozowanym autyzmem lub zespołem Aspergera.
650 -Hasło przedmiotowe [ ,7]
    • a
    • Hasło przedmiotowe
    • Autyzm
    • x
    • Określnik rzeczowy
    • aspekt psychologiczny.
    • 2
    • Źródło terminu
    • kaba
    • 9
    • KHW
    • 368096
650 -Hasło przedmiotowe [ ,7]
    • a
    • Hasło przedmiotowe
    • Autyzm
    • v
    • Określnik formalny
    • relacje osobiste.
    • 2
    • Źródło terminu
    • kaba
    • 9
    • KHW
    • 392392
650 -Hasło przedmiotowe [ ,7]
    • a
    • Hasło przedmiotowe
    • Autyzm
    • v
    • Określnik formalny
    • poradniki.
    • 2
    • Źródło terminu
    • kaba
    • 9
    • KHW
    • 393470
700 -Hasło dodatkowe - nazwa osobowa [1, ]
    • a
    • Nazwa osobowa (NP)
    • Składanowska, Kinga. Find
    • e
    • Określenie rodzaju współpracy
    • Tł.
    • 9
    • KHW
    • 92992
710 -Hasło dodatkowe - nazwa ciała zbiorowego [2, ]
    • a
    • Nazwa ciała zbiorowego lub nazwa geograficzna jako pierwszy element (NP)
    • Wydawnictwo Illuminatio, Łukasz Kierus.
    • 4
    • Kod relacji
    • pbl
    • 9
    • KHW
    • 78245
920 -ISBN [ , ]
    • a
    • ISBN
    • 978-83-65442-18-5 Find
Numer inwentarzowy Status udost. Data inwentaryzacji Lokalizacja
Z.12191712016-07-06BG
WM.19474-32016-07-06BG
WM.19475-32016-07-06BG
H.2883712017-01-10BNS
H.28838-32017-01-10BNS